000 00527nam a2200169 a 4500
001 000023758
005 20200930022438.0
008 110113s2001 dr a 001 0 spa d
040 _aDO-SdBNP
_bspa
_cBNPHU
100 1 _aPoissant, C.
_948914
245 1 3 _aLa mejor manera de hacerse rico :
_bhacer lo que a uno le gusta /
_cC. Poissant, C. Godefroy.
246 1 4 _aCómo llegar a ser rico?
260 _aSanto Domingo :
_bEditora Collada,
_c2001.
300 _a62 p. ;
_c21 cm.
700 1 _aGodefroy, C.
_948915
049 _aBNPD
999 _c23254
_d23254